| 000 | 004310000a22001810004500 | ||
|---|---|---|---|
| 003 | MACL | ||
| 005 | 20151004125100.0 | ||
| 008 | 151004b xxu||||| |||| 00| 0 eng d | ||
| 040 |
_aMACL _cMACL |
||
| 041 | _aEnglish | ||
| 082 | _a910/DAR | ||
| 100 |
_aDaruwalla, Keki N. _913597 |
||
| 245 | _aRiding The Himalayas | ||
| 260 |
_bNiyogi Books _c2006 _aNew Delhi |
||
| 350 | _a795 | ||
| 650 |
_aTravel _913598 |
||
| 942 |
_cBK _k910 _2ddc |
||
| 999 |
_c8521 _d8521 |
||